000 nam a22 a 4500
999 _c139628
_d139628
003 BLK
005 20210204152049.0
008 180409b bul|||||r ||||||| ||bul||
010 _aKNG00145678000
040 _aBLK
041 _aBUL
_cBUL
080 _aБългарска литература
_b821.163.2
_x-93-32
_z821.163.2-93-32
100 1 _aДонков, Славчо Александров
_eпърви автор
_9298651
139 _aДонков, Славчо Александров
_bД 77
245 1 0 _aЧудните тайни
_bРазказ за живота на Захарий Зограф
_cСлавчо Александров Донков; худож. Петър Терзиев.
257 _aBGR
260 _bБълг. художник
_c1988
_aСофия
300 _a16 с.
_bс цв. ил.
_c33 см
380 _aDX
500 _aОфс. изд. - 60 120 тир.
700 1 _aТерзиев, Петър
_eхудож.
_9254013
852 _aЦб ІІ 18063
856 4 _qpdf
856 4 _qpdf
942 _cKNG
_n0
_s1
944 _aCR
_c12.07.2013
_l12.07.2013 - от С1,Р / 12.07.2013
_kЕлиза_Атанасова
944 _aED
_c12.07.2013
_l12.07.2013 - от С1,Р / 12.07.2013
999 _d139628